[Event "Marienbad Open 2025 - B2 IM Round Robin"]
[Site "Continental hotel, Marianske Lazne"]
[Date "2025.01.21"]
[Round "5"]
[Board "1"]
[White "Ochedzan, Filip"]
[Black "Konopka, Michal"]
[Result "0-1"]
[WhiteElo "2136"]
[BlackElo "2321"]
[PlyCount "0"]
[EventDate "2025.01.18"]
[EventRounds "9"]
[EventCountry "CZE"]

1. e4 d5 2. exd5 Qxd5 3. Nc3 Qa5 4. d4 Nf6 5. Nf3 Bf5 6. Bd2 e6 7. Ne4 Qb6 8. Nxf6+
gxf6 9. Bc3 Bb4 10. Qd2 Nc6 11. Bd3 Bg4 12. Bxb4 Nxb4 13. Be2 Bxf3 14. Bxf3 Qxd4
15. c3 Qxd2+ 16. Kxd2 O-O-O+ 17. Ke2 Nd3 18. b3 f5 19. g3 Ne5 20. Bg2 Rd6 21. Rad1
Rhd8 22. Rxd6 Rxd6 23. Rd1 Rxd1 24. Kxd1 b6 25. Ke2 Kd7 26. h3 Kd6 27. f4 Nd7 28.
Ke3 Nf6 29. Bf3 e5 30. fxe5+ Kxe5 31. c4 Ne4 32. g4 f4+ 33. Ke2 Nc3+ 34. Kd3 Nxa2
35. Bb7 Nc1+ 36. Kc2 Ne2 37. Kd3 Nd4 38. b4 a5 39. bxa5 bxa5 40. g5 Ne6 41. Bc6 Nxg5
 0-1

[Event "Marienbad Open 2025 - B2 IM Round Robin"]
[Site "Continental hotel, Marianske Lazne"]
[Date "2025.01.21"]
[Round "5"]
[Board "2"]
[White "Tichy, Stepan"]
[Black "Van der Hagen, Loek"]
[Result "1/2-1/2"]
[WhiteElo "2184"]
[BlackElo "2299"]
[PlyCount "0"]
[EventDate "2025.01.18"]
[EventRounds "9"]
[EventCountry "CZE"]

1. c4 Nf6 2. g3 e5 3. Bg2 d5 4. cxd5 Nxd5 5. Nc3 Nxc3 6. bxc3 Bd6 7. Nf3 O-O 8. O-O
e4 9. Nd4 Re8 10. d3 exd3 11. Qxd3 c6 12. Be3 Bf8 13. Rfd1 Qf6 14. a4 a5 15. Bf3
Nd7 16. Qf5 Qe7 17. Bf4 g6 18. Qc2 Bg7 19. Rd2 Ne5 20. Bxe5 Qxe5 21. Rad1 Qc5 22.
Kg2 Ra6 23. Rb1 Rb6 24. Rxb6 Qxb6 25. Qb2 Qc5 26. e3 Bf6 27. Qb3 Rd8 28. Rb2 Kg7
29. Rb1 h5 30. h4 Rd6 31. Rb2 Rd8 32. Rb1 Rd6 33. Rb2  1/2-1/2

[Event "Marienbad Open 2025 - B2 IM Round Robin"]
[Site "Continental hotel, Marianske Lazne"]
[Date "2025.01.21"]
[Round "5"]
[Board "4"]
[White "Vaculik, Jakub"]
[Black "Bhagat, Kush"]
[Result "1/2-1/2"]
[WhiteElo "2281"]
[BlackElo "2294"]
[PlyCount "0"]
[EventDate "2025.01.18"]
[EventRounds "9"]
[EventCountry "CZE"]

1. d4 Nf6 2. Nf3 g6 3. Bg5 Bg7 4. Nbd2 O-O 5. c3 d6 6. e4 Nbd7 7. Be2 h6 8. Bh4 e5
9. dxe5 dxe5 10. O-O b6 11. Qc2 Bb7 12. Rfe1 Qe7 13. a4 a5 14. Bb5 Nc5 15. Rac1 Rac8
16. b4 axb4 17. cxb4 c6 18. Bf1 Na6 19. Bxa6 Bxa6 20. Qc3 Rfd8 21. Nc4 Bxc4 22. Qxc4
g5 23. Bg3 Nh5 24. Red1 Nxg3 25. hxg3 Rxd1+ 26. Rxd1 Qb7 27. Rc1 Ra8 28. Qc2 b5 29.
a5 Bf8 30. Nxe5 Bxb4 31. Ng4 Bxa5 32. Nxh6+ Kh7 33. Ng4 Bd8 34. e5+ Kg7 35. Qe4 Qd7
36. Ne3 Ra4 37. Qxc6 Qxc6 38. Rxc6 Re4 39. Nf5+ Kh7 40. Nd6 Rxe5 41. Nxf7 Re1+ 42.
Kh2 Be7 43. Nd6 Re6 44. Rc7 Rxd6 45. Rxe7+ Kg6 46. Rb7 g4 47. Rxb5 Rd2 48. Rb4 Rxf2
49. Rxg4+ Kh5 50. Rf4 Ra2 51. Kh3 Kg5 52. Rf3 Ra1 53. g4 Rh1+ 54. Kg3 Ra1 55. Rf5+
Kg6 56. Rb5 Rc1 57. g5 Rc4 58. Re5 Ra4 59. Kf3 Ra3+ 60. Kf4 Ra4+ 61. Re4 Rxe4+ 62.
Kxe4  1/2-1/2

[Event "Marienbad Open 2025 - B2 IM Round Robin"]
[Site "Continental hotel, Marianske Lazne"]
[Date "2025.01.21"]
[Round "5"]
[Board "5"]
[White "Sliwerski, Radoslaw"]
[Black "Roesemann, Rainer"]
[Result "0-1"]
[WhiteElo "2040"]
[BlackElo "2276"]
[PlyCount "0"]
[EventDate "2025.01.18"]
[EventRounds "9"]
[EventCountry "CZE"]

1. d4 Nf6 2. c4 e6 3. Nc3 Bb4 4. f3 c5 5. d5 d6 6. e4 b5 7. Bd2 a6 8. a4 bxc4 9.
Bxc4 e5 10. Nge2 O-O 11. O-O Re8 12. Qc2 Nbd7 13. Nd1 Bxd2 14. Qxd2 Nf8 15. a5 Ng6
16. Ndc3 Bd7 17. Qd3 Nh5 18. g3 Qg5 19. Kh1 Reb8 20. Rfb1 Bh3 21. Ra3 Nhf4 22. Nxf4
exf4 23. Qd2 Qf6 24. Nd1 Rb4 25. Be2 Bd7 26. Nf2 fxg3 27. hxg3 Rab8 28. Bxa6 Rxb2
29. Rxb2 Rxb2 30. Qe3 h5 31. Be2 h4 32. g4 Rb1+ 33. Bd1 Ne5 34. Ra2 Bc8 35. a6 Bxa6
36. Rxa6 Nxf3 37. Kg2 Ng5 38. Ra8+ Kh7 39. Bc2 h3+ 40. Kh2 Qe5+ 41. Qg3 Rb2  0-1

[Event "Marienbad Open 2025 - B2 IM Round Robin"]
[Site "Continental hotel, Marianske Lazne"]
[Date "2025.01.22"]
[Round "6"]
[Board "1"]
[White "Konopka, Michal"]
[Black "Roesemann, Rainer"]
[Result "1/2-1/2"]
[WhiteElo "2321"]
[BlackElo "2276"]
[PlyCount "0"]
[EventDate "2025.01.18"]
[EventRounds "9"]
[EventCountry "CZE"]

1. d4 Nf6 2. Nf3 e6 3. g3 b5 4. e3 a6 5. a4 b4 6. Bg2 Bb7 7. O-O Be7 8. c4 a5 9.
b3 O-O 10. Bb2 c5 11. Nbd2 cxd4 12. Nxd4 Bxg2 13. Kxg2 Na6 14. Qf3 Qb6 15. Rab1 Nc5
16. Rfd1 Rac8 17. Nb5 Qc6 18. e4 Rcd8 19. e5  1/2-1/2

[Event "Marienbad Open 2025 - B2 IM Round Robin"]
[Site "Continental hotel, Marianske Lazne"]
[Date "2025.01.22"]
[Round "6"]
[Board "2"]
[White "Bhagat, Kush"]
[Black "Sliwerski, Radoslaw"]
[Result "1-0"]
[WhiteElo "2294"]
[BlackElo "2040"]
[PlyCount "0"]
[EventDate "2025.01.18"]
[EventRounds "9"]
[EventCountry "CZE"]

1. d4 Nf6 2. c4 e6 3. Nf3 d5 4. Nc3 Bb4 5. Qa4+ Nc6 6. e3 O-O 7. Qc2 dxc4 8. Bxc4
e5 9. dxe5 Ng4 10. O-O Ngxe5 11. Nxe5 Nxe5 12. Be2 c6 13. f4 Ng4 14. h3 Nf6 15. Bd3
Re8 16. Bd2 Qe7 17. e4 Bc5+ 18. Kh1 Ng4 19. e5 Nf2+ 20. Rxf2 Bxf2 21. Bxh7+ Kh8 22.
Ne4 Qh4 23. Ng5 Be6 24. Be4 Kg8 25. Bh7+ Kh8 26. Bf5 Bd5 27. Be4 Bxe4 28. Qxe4 Kg8
29. Rf1 Rad8 30. Qf5 Bc5 31. Qxf7+ Kh8 32. Be1 Qh6 33. Qc4  1-0

[Event "Marienbad Open 2025 - B2 IM Round Robin"]
[Site "Continental hotel, Marianske Lazne"]
[Date "2025.01.22"]
[Round "6"]
[Board "3"]
[White "Senthil, Maran K"]
[Black "Vaculik, Jakub"]
[Result "1/2-1/2"]
[WhiteElo "2398"]
[BlackElo "2281"]
[PlyCount "0"]
[EventDate "2025.01.18"]
[EventRounds "9"]
[EventCountry "CZE"]

1. Nf3 Nf6 2. g3 d5 3. Bg2 c6 4. O-O Nbd7 5. d4 e6 6. c4 dxc4 7. a4 a5 8. Nc3 Bb4
9. Nd2 Nb6 10. e3 O-O 11. Qc2 e5 12. dxe5 Ng4 13. Nf3 Qe7 14. e4 Nxe5 15. Nxe5 Qxe5
16. f4 Qe7 17. Be3 Bc5  1/2-1/2

[Event "Marienbad Open 2025 - B2 IM Round Robin"]
[Site "Continental hotel, Marianske Lazne"]
[Date "2025.01.22"]
[Round "6"]
[Board "4"]
[White "Van der Hagen, Loek"]
[Black "Pisk, Petr"]
[Result "1/2-1/2"]
[WhiteElo "2299"]
[BlackElo "2302"]
[PlyCount "0"]
[EventDate "2025.01.18"]
[EventRounds "9"]
[EventCountry "CZE"]

1. e4 c6 2. Nc3 d5 3. Nf3 dxe4 4. Nxe4 Nf6 5. Qe2 Nxe4 6. Qxe4 Qa5 7. b4 Qf5 8. Qe3
Qe6 9. Be2 Qxe3 10. fxe3 f6 11. a4 e5 12. b5 Be6 13. O-O c5 14. d4 exd4 15. exd4
Nd7 16. Be3 O-O-O 17. Rfd1 Bg4 18. h3 Bxf3 19. Bxf3 cxd4 20. Rxd4 Bc5 21. Rc4 b6
22. Bxc5 Nxc5 23. a5 Kc7 24. Bc6 Rd6 25. Re1 Re6 26. Rd1 Re7 27. axb6+ axb6 28. Ra1
Kd6 29. Rd4+ Ke6 30. Re1+ Kf7 31. Bd5+ Kf8 32. Rf1 Rd7 33. c4 Ke7 34. Re1+ Kf8 35.
Rf1 Ke7 36. Re1+ Kf8 37. Rd2 g6 38. Rde2 Kg7 39. Re8 Rd8 40. R8e7+ Kh6 41. Rc7 f5
42. Rc6 Rb8 43. Re7 Kg5 44. Kh2 f4 45. Re5+ Kh6 46. Bf3 Rhc8 47. Re7 Rh8 48. h4 Rhc8
49. Kh3 Nd3 50. Ree6 Nf2+ 51. Kh2 Ra8 52. Rxc8 Rxc8 53. Bd5 Ng4+ 54. Kg1 Rb8 55.
Re7 Ne3 56. Kf2 Rd8 57. Re6  1/2-1/2

[Event "Marienbad Open 2025 - B2 IM Round Robin"]
[Site "Continental hotel, Marianske Lazne"]
[Date "2025.01.22"]
[Round "6"]
[Board "5"]
[White "Ochedzan, Filip"]
[Black "Tichy, Stepan"]
[Result "1/2-1/2"]
[WhiteElo "2136"]
[BlackElo "2184"]
[PlyCount "0"]
[EventDate "2025.01.18"]
[EventRounds "9"]
[EventCountry "CZE"]

1. e4 e6 2. d4 d5 3. Nc3 Bb4 4. e5 c5 5. a3 Bxc3+ 6. bxc3 Ne7 7. Qg4 cxd4 8. Qxg7
Rg8 9. Qxh7 Qc7 10. Kd1 Nbc6 11. Nf3 dxc3 12. h4 Bd7 13. Bg5 O-O-O 14. Rh3 Qb6 15.
Qd3 Rdf8 16. Qxc3 Qxf2 17. Qe1 Qb6 18. Bd3 Ng6 19. Rc1 Qb2 20. Bf6 Nf4 21. Ng5 Nxh3
22. gxh3 Qd4 23. Qg3 Rh8 24. Nxf7 Rhg8 25. Ng5 Rxf6 26. exf6 Qxf6 27. Kd2 Qe7 28.
Rf1 Qxa3 29. Rf7 Qb4+ 30. Kd1 Nd8 31. Rf1 Bb5 32. Bxb5 Qxb5 33. Re1 Qb1+ 34. Kd2
Qb4+ 35. Kd1 Rg7 36. Qd3 Qxh4 37. Nxe6 Qh5+ 38. Qe2 Qxe2+ 39. Rxe2 Nxe6 40. Rxe6
Rh7 41. Re5 Rxh3 42. Rxd5 Kc7 43. Rc5+ Kb6 44. Rg5 Rh4 45. c3 Rc4 46. Kc2 a5 47.
Kb3 Rc5 48. Rg7 Ka6 49. Rh7 Rb5+ 50. Ka3 b6 51. Rh4 Kb7 52. Rh6 Rc5 53. Kb3 Ka6 54.
Rh4 Kb5 55. Rg4 a4+ 56. Kb2 Ka5 57. Rh4 Rb5+ 58. Ka2 Rc5 59. Kb2 Rg5 60. Rh2 Rb5+
61. Ka2 Rb3 62. Rh5+ Ka6 63. Rh4 b5 64. Rh6+ Kb7 65. c4 b4 66. c5 Kc7 67. Ra6 Ra3+
68. Kb2 Kd7 69. Rb6 Rb3+ 70. Ka2 Ra3+  1/2-1/2

[Event "Marienbad Open 2025 - B2 IM Round Robin"]
[Site "Continental hotel, Marianske Lazne"]
[Date "2025.01.23"]
[Round "7"]
[Board "1"]
[White "Tichy, Stepan"]
[Black "Konopka, Michal"]
[Result "1/2-1/2"]
[WhiteElo "2184"]
[BlackElo "2321"]
[PlyCount "0"]
[EventDate "2025.01.18"]
[EventRounds "9"]
[EventCountry "CZE"]

1. c4 Nf6 2. Nf3 g6 3. b3 Bg7 4. Bb2 O-O 5. g3 c6 6. Bg2 d5 7. O-O a5 8. a3 Bg4 9.
h3 Bxf3 10. Bxf3 e6 11. Qc2 Nbd7 12. d3 Qe7 13. Nd2 Rfd8 14. Rac1 Ne8 15. Bg2 Bxb2
16. Qxb2 Qf6 17. Qc2 Nd6 18. e3 h5 19. d4 Qf5 20. Qc3 Rdc8 21. b4 dxc4 22. Nxc4 Nxc4
23. Qxc4 axb4  1/2-1/2

[Event "Marienbad Open 2025 - B2 IM Round Robin"]
[Site "Continental hotel, Marianske Lazne"]
[Date "2025.01.23"]
[Round "7"]
[Board "2"]
[White "Pisk, Petr"]
[Black "Ochedzan, Filip"]
[Result "1/2-1/2"]
[WhiteElo "2302"]
[BlackElo "2136"]
[PlyCount "0"]
[EventDate "2025.01.18"]
[EventRounds "9"]
[EventCountry "CZE"]

1. e4 c5 2. c3 d5 3. exd5 Qxd5 4. d4 Nf6 5. Nf3 Bg4 6. Nbd2 Nc6 7. Bc4 Bxf3 8. Qxf3
Qxf3 9. Nxf3 cxd4 10. Nxd4 Nxd4 11. cxd4 e6 12. Bb5+ Kd8 13. Bg5 Be7 14. Bxf6 Bxf6
15. O-O-O Kc7 16. d5 exd5 17. Rxd5 Rad8 18. Rhd1 Rxd5 19. Rxd5 Rd8 20. Rxd8 Bxd8
21. Bc4 f6 22. Bg8 h6 23. Bd5 b5 24. Kd2 Kd6  1/2-1/2

[Event "Marienbad Open 2025 - B2 IM Round Robin"]
[Site "Continental hotel, Marianske Lazne"]
[Date "2025.01.23"]
[Round "7"]
[Board "3"]
[White "Vaculik, Jakub"]
[Black "Van der Hagen, Loek"]
[Result "0-1"]
[WhiteElo "2281"]
[BlackElo "2299"]
[PlyCount "0"]
[EventDate "2025.01.18"]
[EventRounds "9"]
[EventCountry "CZE"]

1. d4 Nf6 2. Nf3 e6 3. c4 d5 4. Nc3 Bb4 5. cxd5 exd5 6. Bg5 h6 7. Bxf6 Qxf6 8. Qa4+
Nc6 9. e3 O-O 10. Be2 Rd8 11. O-O Bf8 12. a3 Ne7 13. Rfc1 c6 14. b4 Ng6 15. Qd1 Be6
16. Na4 Rac8 17. Nc5 b6 18. Nxe6 Qxe6 19. Rc3 c5 20. bxc5 bxc5 21. dxc5 Rxc5 22.
Rd3 Rb8 23. Rc1 Rxc1 24. Qxc1 Nf4 25. Rd2 Qg6 26. Qf1 Nxe2+ 27. Qxe2 Rb1+ 28. Rd1
Bxa3 29. h3 Bd6 30. g3 a5 31. Kh2 Rxd1 32. Qxd1 Qf5 33. Kg1 a4 34. Nd4 Qd7 35. Qd3
Qb7 36. Nb5 Bb4 37. h4 Qc6 38. e4 dxe4 39. Qd8+ Bf8 40. Nc7 Qd6  0-1

[Event "Marienbad Open 2025 - B2 IM Round Robin"]
[Site "Continental hotel, Marianske Lazne"]
[Date "2025.01.23"]
[Round "7"]
[Board "4"]
[White "Sliwerski, Radoslaw"]
[Black "Senthil, Maran K"]
[Result "1/2-1/2"]
[WhiteElo "2040"]
[BlackElo "2398"]
[PlyCount "0"]
[EventDate "2025.01.18"]
[EventRounds "9"]
[EventCountry "CZE"]

1. d4 Nf6 2. c4 e6 3. Nc3 Bb4 4. f3 b5 5. e4 bxc4 6. Bxc4 O-O 7. Nge2 d5 8. exd5
Nxd5 9. O-O c6 10. a3 Be7 11. Ne4 a5 12. Qc2 Nd7 13. Bd3 Ba6 14. Bd2 Bxd3 15. Qxd3
Qb6 16. Kh1 Qa6 17. Nf4 Rfb8 18. Qxa6 Rxa6 19. Nd3 Rb3 20. Nc3 N7b6 21. Rfc1 Nc4
22. Nxd5 cxd5 23. Bc3 f6 24. Kg1 a4 25. Kf2 Rc6 26. Ke2 Nxa3 27. Bb4 Rxc1 28. Rxc1
Bxb4 29. Rc8+ Bf8 30. bxa3 Kf7 31. Rc7+ Kg6 32. g4 Kh6 33. h4 Rxa3 34. Rc6 Ra2+ 35.
Ke3 Rh2 36. Rxe6 Rxh4 37. Ra6 a3 38. Nc5 Rh1 39. Rxa3 Re1+ 40. Kd2 Rf1 41. Ke2 Bxc5
42. dxc5 Rc1 43. Ra5 Kg5 44. Kf2 f5 45. c6 fxg4 46. Rxd5+ Kh4 47. fxg4 h6 48. Rd6
Rc2+ 49. Kf3 Rc3+ 50. Kf2 Kg5 51. Re6 Rc4 52. Ke3 Rc1 53. Kf2 Rc3 54. Rd6 g6 55.
Re6 Rc4 56. Ke3  1/2-1/2

[Event "Marienbad Open 2025 - B2 IM Round Robin"]
[Site "Continental hotel, Marianske Lazne"]
[Date "2025.01.23"]
[Round "7"]
[Board "5"]
[White "Roesemann, Rainer"]
[Black "Bhagat, Kush"]
[Result "1-0"]
[WhiteElo "2276"]
[BlackElo "2294"]
[PlyCount "0"]
[EventDate "2025.01.18"]
[EventRounds "9"]
[EventCountry "CZE"]

1. c4 g6 2. g3 Bg7 3. Bg2 e5 4. Nc3 d6 5. d3 Nc6 6. e4 Be6 7. Nge2 h5 8. h4 Nh6 9.
Nd5 a5 10. f3 O-O 11. Be3 Kh7 12. Qd2 Ne7 13. g4 hxg4 14. h5 g5 15. Bxg5 f6 16. Be3
c6 17. Nxe7 Qxe7 18. fxg4 d5 19. g5 fxg5 20. exd5 cxd5 21. cxd5 Bg4 22. Bxg5 Qd6
23. Be4+ Kh8 24. Rg1 Rac8 25. Bg6 e4 26. Bxh6 Qh2 27. Bxg7+ Kxg7 28. Rxg4 Qf2+ 29.
Kd1 e3 30. Qe1 Qf3 31. Bf5+ Kh8 32. Bxc8  1-0

[Event "Marienbad Open 2025 - B2 IM Round Robin"]
[Site "Continental hotel, Marianske Lazne"]
[Date "2025.01.24"]
[Round "8"]
[Board "1"]
[White "Konopka, Michal"]
[Black "Bhagat, Kush"]
[Result "1/2-1/2"]
[WhiteElo "2321"]
[BlackElo "2294"]
[PlyCount "0"]
[EventDate "2025.01.18"]
[EventRounds "9"]
[EventCountry "CZE"]

1. Nf3 Nf6 2. c4 g6 3. g3 Bg7 4. Bg2 O-O 5. d4 d6 6. Nc3 Nc6 7. O-O e5 8. dxe5 dxe5
9. Be3 Be6 10. Qa4 Qc8 11. Rfd1 Nd7 12. c5 Nf6 13. Qh4 Ng4 14. Ng5 h6 15. Nxe6 Nxe3
16. Nxf8 Nxd1 17. Rxd1 Qxf8 18. Bxc6 bxc6 19. b4 a5 20. a3 axb4 21. axb4 Qe8 22.
e3 Qe6 23. Rd8+ Rxd8 24. Qxd8+ Kh7 25. Qxc7 Qb3 26. b5 e4 27. bxc6 Bxc3 28. Qd7 Qa2
29. Kf1 Qc4+ 30. Kg2 Be1 31. Qd1 Ba5 32. Qd6 Qe2 33. Qf4 Qf3+ 34. Qxf3 exf3+ 35.
Kxf3 Kg7 36. Ke4 Kf6 37. Kd5 Bc7 38. f4 g5 39. Ke4 Bb8 40. g4 gxf4 41. exf4  1/2-1/2

[Event "Marienbad Open 2025 - B2 IM Round Robin"]
[Site "Continental hotel, Marianske Lazne"]
[Date "2025.01.24"]
[Round "8"]
[Board "2"]
[White "Senthil, Maran K"]
[Black "Roesemann, Rainer"]
[Result "1-0"]
[WhiteElo "2398"]
[BlackElo "2276"]
[PlyCount "0"]
[EventDate "2025.01.18"]
[EventRounds "9"]
[EventCountry "CZE"]

1. d4 Nf6 2. g3 d5 3. Nf3 Bf5 4. c4 c6 5. Nc3 e6 6. Nh4 Bg6 7. Nxg6 hxg6 8. Qd3 Nbd7
9. Bg2 Be7 10. O-O O-O 11. Rd1 Qa5 12. e4 dxe4 13. Nxe4 Nxe4 14. Qxe4 Nf6 15. Qe2
Rad8 16. Be3 Rd7 17. a3 Rfd8 18. b4 Qa4 19. Bf3 Ne8 20. Ra2 Bf6 21. Rad2 Qxa3 22.
d5 cxd5 23. cxd5 Qxb4 24. dxe6 Rxd2 25. exf7+ Kxf7 26. Rxd2 Rxd2 27. Bxd2 Qb3 28.
Be3 b6 29. Qa6 Qb1+ 30. Kg2 Qa1 31. Bd5+ Kf8 32. Bc5+ bxc5 33. Qe6 Nd6 34. Qxd6+
Ke8 35. Bc6+ Kf7 36. Qd7+  1-0

[Event "Marienbad Open 2025 - B2 IM Round Robin"]
[Site "Continental hotel, Marianske Lazne"]
[Date "2025.01.24"]
[Round "8"]
[Board "3"]
[White "Van der Hagen, Loek"]
[Black "Sliwerski, Radoslaw"]
[Result "1-0"]
[WhiteElo "2299"]
[BlackElo "2040"]
[PlyCount "0"]
[EventDate "2025.01.18"]
[EventRounds "9"]
[EventCountry "CZE"]

1. e4 c5 2. Nf3 d6 3. d4 cxd4 4. Nxd4 Nf6 5. Nc3 a6 6. Bg5 e6 7. f4 Be7 8. Qf3 Nbd7
9. O-O-O Qc7 10. g4 b5 11. Bxf6 Nxf6 12. g5 Nd7 13. f5 O-O 14. Rg1 b4 15. Nce2 e5
16. f6 exd4 17. fxe7 Re8 18. Nxd4 Ne5 19. Qf4 Be6 20. Kb1 Rxe7 21. Rg2 Bh3 22. Rf2
Bxf1 23. Rdxf1 g6 24. h4 Rae8 25. b3 Qc5 26. Rd1 a5 27. h5 Nc6 28. hxg6 fxg6 29.
Ne6 Rxe6 30. Qf7+ Kh8 31. Rh1 h5 32. Rxh5+ gxh5 33. Qxh5+ Kg8 34. Qf7+  1-0

[Event "Marienbad Open 2025 - B2 IM Round Robin"]
[Site "Continental hotel, Marianske Lazne"]
[Date "2025.01.24"]
[Round "8"]
[Board "4"]
[White "Ochedzan, Filip"]
[Black "Vaculik, Jakub"]
[Result "1-0"]
[WhiteElo "2136"]
[BlackElo "2281"]
[PlyCount "0"]
[EventDate "2025.01.18"]
[EventRounds "9"]
[EventCountry "CZE"]

1. e4 d6 2. d4 Nf6 3. Nc3 e5 4. Nf3 Nbd7 5. Rg1 exd4 6. Nxd4 Nc5 7. Qe2 Ne6 8. Be3
Ng4 9. Qxg4 Nxd4 10. Qd1 Nc6 11. Qd2 Be6 12. O-O-O Qd7 13. Be2 Be7 14. g4 f6 15.
f4 h6 16. h4 a6 17. h5 O-O-O 18. Nd5 Rde8 19. c4 Bd8 20. Bf3 Ne7 21. Qc3 c6 22. Nb6+
Bxb6 23. Bxb6 Kb8 24. Bc5 Nc8 25. f5 Qe7 26. Be3 Bf7 27. Bf4 Ka8 28. Rd3 Rd8 29.
Rgd1 Rhe8 30. b3 Bg8 31. Qd2 d5 32. exd5 cxd5 33. Bxd5 Bxd5 34. Rxd5 Rxd5 35. cxd5
Nd6 36. Bxd6 Qxd6 37. Qd3 Rd8 38. Kb2 Qe5+ 39. Qd4 Qd6 40. Rd2 Rc8 41. Re2 Qc7 42.
Qd2 Rd8 43. Re6 Qc5 44. d6 Qc6 45. Qc2 Qxc2+ 46. Kxc2 Ka7 47. Re7 Rxd6 48. Rxg7  1-0

[Event "Marienbad Open 2025 - B2 IM Round Robin"]
[Site "Continental hotel, Marianske Lazne"]
[Date "2025.01.25"]
[Round "9"]
[Board "2"]
[White "Vaculik, Jakub"]
[Black "Tichy, Stepan"]
[Result "1/2-1/2"]
[WhiteElo "2281"]
[BlackElo "2184"]
[PlyCount "0"]
[EventDate "2025.01.18"]
[EventRounds "9"]
[EventCountry "CZE"]

1. Nf3 Nf6 2. c4 e6 3. g3 b6 4. Bg2 Bb7 5. O-O Be7 6. b3 O-O 7. Bb2 d5 8. Ne5 Qc8
9. cxd5 Bxd5 10. Bh3 Nbd7 11. f4 Nxe5 12. fxe5 Ne4 13. Nc3 Nxc3 14. Bxc3 Qd7 15.
e3 b5 16. Qg4 a5 17. d4 Bb7 18. Bb2 Qc6 19. Kf2 Qc2+ 20. Qe2 Qxe2+ 21. Kxe2 c5 22.
Rfc1 Rac8 23. Bg4 b4 24. dxc5 Bxc5 25. Bd4 Bxd4 26. exd4 Rfd8 27. Ke3 Kf8 28. Be2
Ke7 29. Rc4 Bd5 30. Rc5 Rxc5 31. dxc5 Bc6 32. Rd1 Rxd1 33. Bxd1 f5 34. Bc2 g5 35.
Bd3 h6 36. Kd4 Kd7 37. Bc4 Be4 38. Bb5+ Kc7 39. Bc4 Kd7 40. Bb5+ Bc6 41. Bc4 Be4
42. Bb5+ Bc6  1/2-1/2

[Event "Marienbad Open 2025 - B2 IM Round Robin"]
[Site "Continental hotel, Marianske Lazne"]
[Date "2025.01.25"]
[Round "9"]
[Board "3"]
[White "Sliwerski, Radoslaw"]
[Black "Ochedzan, Filip"]
[Result "0-1"]
[WhiteElo "2040"]
[BlackElo "2136"]
[PlyCount "0"]
[EventDate "2025.01.18"]
[EventRounds "9"]
[EventCountry "CZE"]

1. d4 Nf6 2. c4 e6 3. Nc3 Bb4 4. f3 d5 5. a3 Bxc3+ 6. bxc3 c5 7. cxd5 exd5 8. e3
O-O 9. Bd3 b6 10. Ne2 Ba6 11. O-O Bxd3 12. Qxd3 Re8 13. Ng3 Nc6 14. Bb2 h5 15. Rae1
h4 16. Nf5 h3 17. g4 Ne7 18. Ng3 Ng6 19. g5 Nh7 20. f4 Qd7 21. Qf5 Rad8 22. Qxd7
Rxd7 23. Nf5 f6 24. gxf6 Nxf6 25. Rf3 Nh5 26. Kf2 Rf8 27. Ng3 Nf6 28. Nf1 Ne4+ 29.
Ke2 cxd4 30. cxd4 Rc8 31. Bc1 Rc2+ 32. Bd2 Rdc7 33. Rxh3 Ra2 34. Rh5 Rcc2 35. Rxd5
Nc3+  0-1

[Event "Marienbad Open 2025 - B2 IM Round Robin"]
[Site "Continental hotel, Marianske Lazne"]
[Date "2025.01.25"]
[Round "9"]
[Board "4"]
[White "Roesemann, Rainer"]
[Black "Van der Hagen, Loek"]
[Result "1-0"]
[WhiteElo "2276"]
[BlackElo "2299"]
[PlyCount "0"]
[EventDate "2025.01.18"]
[EventRounds "9"]
[EventCountry "CZE"]

1. c4 e5 2. g3 f5 3. d4 d6 4. dxe5 dxe5 5. Qxd8+ Kxd8 6. Nf3 Nc6 7. Nc3 Bd7 8. Bh3
Bd6 9. Bg5+ Kc8 10. O-O-O h6 11. Be3 b6 12. Nb5 g5 13. Bg2 f4 14. Bd2 a6 15. Nxd6+
cxd6 16. Bc3 Kc7 17. b4 Re8 18. c5 dxc5 19. bxc5 bxc5 20. Rd5 Nf6 21. Rxc5 Kb6 22.
Rc4 Rc8 23. Kd2 Bf5 24. Rc1 Ne4+ 25. Ke1 Nd6 26. Nxe5 Nxc4 27. Nxc4+ Ka7 28. Bxh8
Na5 29. Bd4+ Kb8 30. Bd5 Rd8 31. Be5+ Ka7 32. Nd6  1-0